Arguing through literature : A thematic anthology and guide
Wedi'i Gadw mewn:
| Prif Awdur: | |
|---|---|
| Fformat: | Llyfr |
| Iaith: | Undetermined |
| Cyhoeddwyd: |
Boston
McGraw-Hill Higher Education
2005
|
| Pynciau: | |
| Tagiau: |
Ychwanegu Tag
Dim Tagiau, Byddwch y cyntaf i dagio'r cofnod hwn!
|
| Thư viện lưu trữ: | Trung tâm Học liệu Trường Đại học Cần Thơ |
|---|
| LEADER | 00628nam a2200217Ia 4500 | ||
|---|---|---|---|
| 001 | CTU_137641 | ||
| 008 | 210402s9999 xx 000 0 und d | ||
| 020 | |c 89.69 | ||
| 082 | |a 808.0668 | ||
| 082 | |b F399 | ||
| 100 | |a Ferster, Judith | ||
| 245 | 0 | |a Arguing through literature : | |
| 245 | 2 | |b A thematic anthology and guide | |
| 245 | 0 | |c Judith Ferster | |
| 260 | |a Boston | ||
| 260 | |b McGraw-Hill Higher Education | ||
| 260 | |c 2005 | ||
| 650 | |a English language,Criticism,Tiếng Anh | ||
| 650 | |x Rhetoric,Authorship,Tu từ học | ||
| 904 | |i Giang | ||
| 980 | |a Trung tâm Học liệu Trường Đại học Cần Thơ | ||